Newsies Characters (Broadway) - Statistics

General Stats
  • This quiz has been taken 237 times
  • The average score is 11 of 16
Answer Stats
Hint Answer % Correct
"There's change coming once and for all" Jack
99%
"Why would he send for the goons, and entire army" Davy
92%
"And I've got a date!" Les
89%
"That's the bottom line" Pulitzer
89%
"Not only that, there's a story behind the story" Katherine
88%
"Uh, no rain" Crutchie
87%
"Look at me, I'm the King of New York" Race
85%
"I'm healthy, I'm wealthy, I'm wise" Medda
76%
"Borough what gave me birth" Spot
76%
"Hey, look! it's bath time at the zoo" Specs
58%
"Nobbin' with all the muckety-mucks I'm blowin' my dough, and goin' deluxe" Albert
57%
"A permanent box at the sheepshead races" Romeo
57%
"And a snip" Hannah
43%
"My personal puss on a wooden nicke!" Finch
38%
"Pastrami on rye with a sour pickle" Henry
34%
"Like the Pied Piper you knew what to play" Seitz
25%
No matching quizzes found
Score Distribution
Percent of People with Each Score
Percentile by Number Answered
Your Score History
You have not taken this quiz